[Event "IMP Mezczyzn do lat 20"]
[Site "Chotowa"]
[Date "2023.10.31"]
[Round "8.15"]
[White "Kondys, Piotr"]
[Black "Kraczek, Cezary"]
[Result "1/2-1/2"]
[BlackElo "1707"]
[WhiteElo "2122"]
[LiveChessVersion "1.4.8"]

1. e4 {[%clk 1:30:34]} Nf6 {[%clk 1:30:39]} 2. e5 {[%clk 1:30:46]} Nd5
{[%clk 1:30:39]} 3. d4 {[%clk 1:31:00]} d6 {[%clk 1:30:41]} 4. c4
{[%clk 1:30:30]} Nb6 {[%clk 1:30:55]} 5. exd6 {[%clk 1:30:43]} cxd6
{[%clk 1:30:17]} 6. Nc3 {[%clk 1:30:49]} g6 {[%clk 1:29:22]} 7. Be3
{[%clk 1:31:06]} Bg7 {[%clk 1:29:00]} 8. Rc1 {[%clk 1:31:13]} O-O
{[%clk 1:25:05]} 9. b3 {[%clk 1:31:25]} e5 {[%clk 1:21:23]} 10. dxe5
{[%clk 1:21:55]} dxe5 {[%clk 1:21:31]} 11. Nf3 {[%clk 0:39:19]} Nc6
{[%clk 1:02:04]} 12. Qxd8 {[%clk 0:38:43]} Rxd8 {[%clk 1:01:03]} 13. c5
{[%clk 0:38:52]} Nd7 {[%clk 0:55:38]} 14. Bc4 {[%clk 0:35:14]} h6
{[%clk 0:45:16]} 15. Rd1 {[%clk 0:28:10]} Nd4 {[%clk 0:37:17]} 16. Nxd4
{[%clk 0:26:21]} exd4 {[%clk 0:37:37]} 17. Bxd4 {[%clk 0:26:41]} Nxc5
{[%clk 0:35:16]} 18. Bxg7 {[%clk 0:25:50]} Rxd1+ {[%clk 0:35:02]} 19. Kxd1
{[%clk 0:26:07]} Kxg7 {[%clk 0:35:18]} 20. Re1 {[%clk 0:22:38]} Be6
{[%clk 0:32:30]} 21. Re5 {[%clk 0:22:59]} Rd8+ {[%clk 0:29:39]} 22. Ke1
{[%clk 0:21:48]} b6 {[%clk 0:24:39]} 23. Be2 {[%clk 0:20:45]} Nd3+
{[%clk 0:20:57]} 24. Bxd3 {[%clk 0:21:10]} Rxd3 {[%clk 0:21:25]} 25. Nb5
{[%clk 0:19:40]} Rd7 {[%clk 0:20:49]} 26. Re3 {[%clk 0:19:03]} a6
{[%clk 0:18:58]} 27. Nc3 {[%clk 0:19:18]} Rd6 {[%clk 0:15:08]} 28. Ke2
{[%clk 0:18:19]} g5 {[%clk 0:14:06]} 29. g3 {[%clk 0:15:51]} Rc6 {[%clk 0:12:41]}
30. Kd2 {[%clk 0:14:44]} b5 {[%clk 0:12:03]} 31. b4 {[%clk 0:13:51]} Bf5
{[%clk 0:07:54]} 1/2-1/2

[Event "IMP Mezczyzn do lat 20"]
[Site "Chotowa"]
[Date "2023.10.31"]
[Round "8.16"]
[White "Lis, Maksymilian"]
[Black "Haladaj, Adam"]
[Result "1-0"]
[BlackElo "1611"]
[WhiteElo "1937"]
[LiveChessVersion "1.4.8"]

1. d4 {[%clk 1:29:52]} Nf6 {[%clk 1:30:56]} 2. c4 {[%clk 1:30:17]} c5
{[%clk 1:31:06]} 3. d5 {[%clk 1:28:47]} b5 {[%clk 1:30:46]} 4. Qc2
{[%clk 1:29:04]} bxc4 {[%clk 1:28:57]} 5. e4 {[%clk 1:29:28]} d6 {[%clk 1:27:53]}
6. Bxc4 {[%clk 1:29:51]} g6 {[%clk 1:27:18]} 7. Nf3 {[%clk 1:29:55]} Bg7
{[%clk 1:27:14]} 8. O-O {[%clk 1:30:18]} O-O {[%clk 1:25:45]} 9. h3
{[%clk 1:30:28]} Ba6 {[%clk 1:18:11]} 10. Nbd2 {[%clk 1:28:21]} Bxc4
{[%clk 1:03:15]} 11. Nxc4 {[%clk 1:28:45]} Nbd7 {[%clk 1:03:32]} 12. Bf4
{[%clk 1:28:33]} Nb6 {[%clk 0:58:57]} 13. Nfd2 {[%clk 1:28:24]} Nxc4
{[%clk 0:49:53]} 14. Nxc4 {[%clk 1:28:50]} Nd7 {[%clk 0:50:12]} 15. Qd2
{[%clk 1:21:45]} Re8 {[%clk 0:46:13]} 16. Rfe1 {[%clk 1:20:10]} Qc7
{[%clk 0:43:34]} 17. Rac1 {[%clk 1:15:02]} Rab8 {[%clk 0:40:41]} 18. b3
{[%clk 1:15:04]} Rec8 {[%clk 0:34:39]} 19. Na5 {[%clk 1:11:54]} Rb5
{[%clk 0:34:36]} 20. Nc6 {[%clk 1:12:14]} Nb8 {[%clk 0:34:40]} 21. e5
{[%clk 1:08:10]} Nxc6 {[%clk 0:28:51]} 22. exd6 {[%clk 1:08:24]} exd6
{[%clk 0:28:47]} 23. dxc6 {[%clk 1:08:43]} Bf8 {[%clk 0:28:10]} 24. Qd5
{[%clk 0:55:21]} Qxc6 {[%clk 0:27:55]} 25. Qxc6 {[%clk 0:55:09]} Rxc6
{[%clk 0:28:23]} 26. Re8 {[%clk 0:55:31]} Kg7 {[%clk 0:28:33]} 27. Rce1
{[%clk 0:52:11]} Rb7 {[%clk 0:27:50]} 28. Rxf8 {[%clk 0:52:12]} g5
{[%clk 0:26:17]} 29. Bxg5 {[%clk 0:51:26]} h6 {[%clk 0:26:43]} 30. Bxh6+
{[%clk 0:51:49]} Kxh6 {[%clk 0:27:07]} 31. Rg8 {[%clk 0:52:14]} Kh7
{[%clk 0:27:15]} 32. Rg4 {[%clk 0:52:29]} d5 {[%clk 0:27:08]} 33. Re5
{[%clk 0:52:50]} d4 {[%clk 0:27:23]} 34. Rh5+ {[%clk 0:53:06]} Rh6
{[%clk 0:27:48]} 35. Rxc5 {[%clk 0:53:27]} Rd7 {[%clk 0:27:53]} 36. Rc2
{[%clk 0:52:39]} d3 {[%clk 0:27:36]} 37. Rd2 {[%clk 0:53:00]} Rc6
{[%clk 0:27:42]} 38. Rc4 {[%clk 0:53:05]} Rcd6 {[%clk 0:27:33]} 39. Rc3
{[%clk 0:53:11]} Kg6 {[%clk 0:27:50]} 40. a3 {[%clk 1:22:50]} Kf5
{[%clk 0:57:48]} 41. f3 {[%clk 1:23:05]} a6 {[%clk 0:56:12]} 42. b4
{[%clk 1:23:02]} Kg5 {[%clk 0:55:53]} 43. Kf2 {[%clk 1:23:17]} f5
{[%clk 0:56:11]} 44. g3 {[%clk 1:22:18]} Rd8 {[%clk 0:56:09]} 45. f4+
{[%clk 1:21:29]} Kg6 {[%clk 0:56:30]} 46. Kf3 {[%clk 1:21:45]} R8d7
{[%clk 0:56:42]} 47. a4 {[%clk 1:22:07]} a5 {[%clk 0:55:56]} 48. b5
{[%clk 1:22:01]} Rd8 {[%clk 0:56:10]} 49. Rb3 {[%clk 1:20:36]} R8d7
{[%clk 0:56:10]} 50. g4 {[%clk 1:20:25]} fxg4+ {[%clk 0:55:51]} 51. hxg4
{[%clk 1:20:47]} Rd8 {[%clk 0:56:14]} 52. b6 {[%clk 1:20:23]} Rb8
{[%clk 0:56:38]} 53. b7 {[%clk 1:20:30]} Rd7 {[%clk 0:57:04]} 54. Rdxd3
{[%clk 1:20:37]} Rxd3+ {[%clk 0:57:25]} 55. Rxd3 {[%clk 1:21:04]} Rxb7
{[%clk 0:57:46]} 56. Rd6+ {[%clk 1:21:18]} Kf7 {[%clk 0:57:56]} 57. Ke4
{[%clk 1:21:39]} Rb4+ {[%clk 0:58:10]} 58. Rd4 {[%clk 1:22:04]} Rb1
{[%clk 0:58:26]} 59. Kf5 {[%clk 1:22:25]} 1-0

[Event "IMP Mezczyzn do lat 20"]
[Site "Chotowa"]
[Date "2023.10.31"]
[Round "8.17"]
[White "Mocko, Maciej"]
[Black "Boryna, Szymon"]
[Result "0-1"]
[BlackElo "1463"]
[WhiteElo "1862"]
[LiveChessVersion "1.4.8"]

1. d4 {[%clk 1:30:59]} d5 {[%clk 1:30:57]} 2. Nc3 {[%clk 1:31:26]} Nf6
{[%clk 1:31:22]} 3. Bf4 {[%clk 1:31:53]} c5 {[%clk 1:30:34]} 4. e4
{[%clk 1:32:06]} cxd4 {[%clk 1:25:11]} 5. Qxd4 {[%clk 1:28:48]} Nc6
{[%clk 1:24:08]} 6. Bb5 {[%clk 1:27:56]} Bd7 {[%clk 1:20:45]} 7. Bxc6
{[%clk 1:27:55]} Bxc6 {[%clk 1:20:06]} 8. exd5 {[%clk 1:27:44]} Nxd5
{[%clk 1:18:20]} 9. O-O-O {[%clk 1:26:15]} e6 {[%clk 1:13:15]} 10. Nf3
{[%clk 1:23:36]} Qa5 {[%clk 0:52:17]} 11. Ne5 {[%clk 1:14:41]} Rd8
{[%clk 0:36:03]} 12. Rhe1 {[%clk 0:58:21]} Qb4 {[%clk 0:27:27]} 13. Nxc6
{[%clk 0:31:49]} bxc6 {[%clk 0:27:49]} 14. Be5 {[%clk 0:30:59]} f6
{[%clk 0:10:32]} 15. Nxd5 {[%clk 0:29:22]} Rxd5 {[%clk 0:09:37]} 16. Qxb4
{[%clk 0:28:42]} Bxb4 {[%clk 0:10:00]} 17. c3 {[%clk 0:28:59]} Bc5
{[%clk 0:09:38]} 18. Bg3 {[%clk 0:27:17]} Kf7 {[%clk 0:09:29]} 19. b4
{[%clk 0:26:59]} Be7 {[%clk 0:07:44]} 20. a3 {[%clk 0:20:10]} Rhd8
{[%clk 0:07:39]} 21. c4 {[%clk 0:20:36]} Rd4 {[%clk 0:06:57]} 22. c5
{[%clk 0:19:58]} a5 {[%clk 0:06:40]} 23. Bd6 {[%clk 0:18:35]} Rc4+
{[%clk 0:07:04]} 24. Kb2 {[%clk 0:18:41]} Bxd6 {[%clk 0:06:21]} 25. cxd6
{[%clk 0:18:07]} axb4 {[%clk 0:06:24]} 26. Kb3 {[%clk 0:18:12]} Rf4
{[%clk 0:06:33]} 27. Re2 {[%clk 0:15:53]} bxa3 {[%clk 0:06:59]} 28. Rc2
{[%clk 0:16:19]} e5 {[%clk 0:05:24]} 29. Kxa3 {[%clk 0:09:40]} Ke6
{[%clk 0:05:51]} 30. d7 {[%clk 0:09:28]} Rxd7 {[%clk 0:05:41]} 31. Rxc6+
{[%clk 0:09:57]} Ke7 {[%clk 0:06:11]} 32. Rxd7+ {[%clk 0:10:25]} Kxd7
{[%clk 0:06:40]} 33. Rc2 {[%clk 0:10:54]} Rd4 {[%clk 0:06:30]} 34. Kb3
{[%clk 0:11:09]} Kd6 {[%clk 0:05:40]} 35. Kc3 {[%clk 0:10:58]} h5
{[%clk 0:05:25]} 36. Ra2 {[%clk 0:11:21]} Ke6 {[%clk 0:05:07]} 37. Ra7
{[%clk 0:10:41]} g6 {[%clk 0:05:20]} 38. Rg7 {[%clk 0:10:28]} Kf5
{[%clk 0:05:45]} 39. Rg8 {[%clk 0:10:43]} Rh4 {[%clk 0:05:01]} 40. h3
{[%clk 0:41:03]} Rf4 {[%clk 0:34:51]} 41. f3 {[%clk 0:40:57]} Rd4
{[%clk 0:34:04]} 42. Rf8 {[%clk 0:41:07]} h4 {[%clk 0:31:57]} 43. Rg8
{[%clk 0:41:32]} g5 {[%clk 0:31:21]} 44. Kc2 {[%clk 0:41:39]} Kf4
{[%clk 0:31:14]} 45. Rf8 {[%clk 0:42:07]} Rd6 {[%clk 0:31:37]} 46. Ra8
{[%clk 0:42:36]} Kg3 {[%clk 0:32:01]} 0-1

[Event "IMP Mezczyzn do lat 20"]
[Site "Chotowa"]
[Date "2023.10.31"]
[Round "8.18"]
[White "Karas, Kacper"]
[Black "Labedz, Dawid"]
[Result "0-1"]
[BlackElo "1579"]
[WhiteElo "1445"]
[LiveChessVersion "1.4.8"]

1. d4 {[%clk 1:30:01]} Nf6 {[%clk 1:30:29]} 2. g3 {[%clk 1:29:52]} c5
{[%clk 1:29:54]} 3. Nf3 {[%clk 1:29:45]} d5 {[%clk 1:28:25]} 4. c3
{[%clk 1:23:55]} e6 {[%clk 1:27:55]} 5. Bg2 {[%clk 1:23:42]} Nc6 {[%clk 1:25:44]}
6. O-O {[%clk 1:23:10]} b6 {[%clk 1:20:15]} 7. Bg5 {[%clk 1:18:37]} Be7
{[%clk 1:15:53]} 8. Ne5 {[%clk 1:12:43]} Bb7 {[%clk 1:12:50]} 9. f4
{[%clk 1:04:01]} O-O {[%clk 1:08:30]} 10. e3 {[%clk 1:04:11]} Nd7
{[%clk 1:04:45]} 11. Bxe7 {[%clk 1:04:11]} Qxe7 {[%clk 1:04:06]} 12. Nd2
{[%clk 1:00:41]} f6 {[%clk 1:01:47]} 13. Nxc6 {[%clk 0:53:40]} Bxc6
{[%clk 1:02:13]} 14. Qb3 {[%clk 0:52:53]} Rac8 {[%clk 0:56:02]} 15. Rae1
{[%clk 0:44:21]} c4 {[%clk 0:40:43]} 16. Qc2 {[%clk 0:43:31]} f5 {[%clk 0:38:39]}
17. Nf3 {[%clk 0:42:35]} Rc7 {[%clk 0:36:43]} 18. h3 {[%clk 0:40:46]} b5
{[%clk 0:34:33]} 19. a3 {[%clk 0:37:01]} Rb8 {[%clk 0:34:07]} 20. g4
{[%clk 0:35:57]} g6 {[%clk 0:34:02]} 21. gxf5 {[%clk 0:28:24]} gxf5
{[%clk 0:34:19]} 22. Kh2 {[%clk 0:25:09]} Kh8 {[%clk 0:33:12]} 23. Rg1
{[%clk 0:21:58]} a5 {[%clk 0:32:08]} 24. Re2 {[%clk 0:22:16]} b4 {[%clk 0:31:29]}
25. axb4 {[%clk 0:22:39]} axb4 {[%clk 0:31:58]} 26. Bh1 {[%clk 0:20:10]} bxc3
{[%clk 0:31:47]} 27. bxc3 {[%clk 0:20:37]} Rcb7 {[%clk 0:26:39]} 28. Reg2
{[%clk 0:19:44]} Rb3 {[%clk 0:23:30]} 29. Nd2 {[%clk 0:10:03]} Ra3
{[%clk 0:22:36]} 30. Rg7 {[%clk 0:05:56]} Qxg7 {[%clk 0:16:58]} 31. Rxg7
{[%clk 0:06:17]} Kxg7 {[%clk 0:17:20]} 32. Nxc4 {[%clk 0:05:51]} dxc4
{[%clk 0:17:00]} 33. Bxc6 {[%clk 0:05:59]} Nf8 {[%clk 0:16:14]} 34. d5
{[%clk 0:02:05]} Rab3 {[%clk 0:15:49]} 35. Qd1 {[%clk 0:01:40]} Rb2+
{[%clk 0:08:32]} 36. Kg3 {[%clk 0:01:56]} exd5 {[%clk 0:09:00]} 37. Qd4+
{[%clk 0:01:26]} Kh6 {[%clk 0:07:52]} 38. Qf6+ {[%clk 0:01:00]} Ng6
{[%clk 0:08:20]} 39. Qxf5 {[%clk 0:00:41]} Rg2+ {[%clk 0:08:14]} 40. Kxg2
{[%clk 0:30:35]} Nh4+ {[%clk 0:40:36]} 41. Kg3 {[%clk 0:26:33]} Nxf5+
{[%clk 0:41:03]} 42. Kf3 {[%clk 0:26:41]} Ne7 {[%clk 0:40:44]} 43. Bd7
{[%clk 0:25:50]} Rb3 {[%clk 0:40:54]} 44. f5 {[%clk 0:26:05]} Kg5
{[%clk 0:41:11]} 45. h4+ {[%clk 0:26:12]} Kf6 {[%clk 0:41:37]} 46. Kf4
{[%clk 0:25:51]} Rxc3 {[%clk 0:42:01]} 47. e4 {[%clk 0:26:09]} dxe4
{[%clk 0:42:24]} 48. Kxe4 {[%clk 0:26:33]} Rh3 {[%clk 0:42:48]} 49. Kf4
{[%clk 0:26:23]} Rxh4+ {[%clk 0:43:09]} 50. Kg3 {[%clk 0:26:46]} Rd4
{[%clk 0:43:31]} 51. Be6 {[%clk 0:27:09]} Nxf5+ {[%clk 0:43:52]} 52. Bxf5
{[%clk 0:27:31]} Kxf5 {[%clk 0:44:13]} 53. Kg2 {[%clk 0:27:58]} Rd3
{[%clk 0:44:31]} 54. Kh1 {[%clk 0:28:22]} Rd2 {[%clk 0:44:57]} 55. Kg1
{[%clk 0:28:48]} c3 {[%clk 0:45:11]} 56. Kh1 {[%clk 0:29:13]} c2 {[%clk 0:45:39]}
57. Kg1 {[%clk 0:29:36]} c1=Q# {[%clk 0:46:04]} 0-1

[Event "IMP Mezczyzn do lat 20"]
[Site "Chotowa"]
[Date "2023.10.31"]
[Round "9.2"]
[White "Turski, Bartlomiej"]
[Black "Niedbala, Bartlomiej"]
[Result "1-0"]
[BlackElo "2400"]
[WhiteElo "2334"]
[LiveChessVersion "1.4.8"]

1. d4 {[%clk 1:30:58]} f5 {[%clk 1:22:40]} 2. Bg5 {[%clk 1:31:24]} g6
{[%clk 1:22:24]} 3. Nf3 {[%clk 1:31:36]} Bg7 {[%clk 1:21:43]} 4. h4
{[%clk 1:31:58]} h6 {[%clk 1:17:00]} 5. Bf4 {[%clk 1:32:06]} d6 {[%clk 1:17:21]}
6. c4 {[%clk 1:27:00]} Nc6 {[%clk 1:12:01]} 7. Nc3 {[%clk 1:09:11]} e5
{[%clk 1:03:17]} 8. Be3 {[%clk 1:04:36]} Nf6 {[%clk 0:45:58]} 9. d5
{[%clk 1:02:32]} Ne7 {[%clk 0:44:05]} 10. g3 {[%clk 1:02:24]} Ng4
{[%clk 0:40:10]} 11. Bh3 {[%clk 1:01:18]} Nxe3 {[%clk 0:39:18]} 12. fxe3
{[%clk 1:00:43]} e4 {[%clk 0:38:18]} 13. Nd4 {[%clk 0:59:18]} h5 {[%clk 0:36:58]}
14. Nxe4 {[%clk 0:54:43]} fxe4 {[%clk 0:36:50]} 15. Bxc8 {[%clk 0:55:09]} Qxc8
{[%clk 0:35:01]} 16. Ne6 {[%clk 0:55:33]} Bxb2 {[%clk 0:34:12]} 17. O-O
{[%clk 0:49:08]} Nf5 {[%clk 0:30:46]} 18. Qb1 {[%clk 0:40:05]} Bxa1
{[%clk 0:29:32]} 19. Qxa1 {[%clk 0:40:34]} Rg8 {[%clk 0:29:50]} 20. Rf4
{[%clk 0:40:35]} Ke7 {[%clk 0:21:34]} 21. Kh2 {[%clk 0:27:46]} c6
{[%clk 0:19:15]} 22. Qb2 {[%clk 0:27:55]} Kd7 {[%clk 0:16:27]} 23. Qf6
{[%clk 0:27:14]} cxd5 {[%clk 0:15:00]} 24. cxd5 {[%clk 0:26:15]} Qc4
{[%clk 0:02:34]} 25. Rxf5 {[%clk 0:25:06]} Rae8 {[%clk 0:03:03]} 26. Qb2
{[%clk 0:14:37]} b5 {[%clk 0:02:29]} 27. Qa3 {[%clk 0:12:14]} Qa4
{[%clk 0:00:34]} 28. Qc3 {[%clk 0:09:57]} Qc4 {[%clk 0:01:03]} 29. Qa5
{[%clk 0:09:24]} Ra8 {[%clk 0:00:50]} 30. Rf2 {[%clk 0:06:42]} Ke7
{[%clk 0:01:19]} 31. Qa6 {[%clk 0:05:54]} Rgb8 {[%clk 0:00:38]} 32. Ng5
{[%clk 0:05:04]} Rb6 {[%clk 0:00:38]} 33. Qa3 {[%clk 0:04:59]} b4
{[%clk 0:00:43]} 34. Rf7+ {[%clk 0:05:12]} Ke8 {[%clk 0:00:42]} 35. Qb2
{[%clk 0:04:39]} Qc3 {[%clk 0:01:01]} 36. Qb1 {[%clk 0:05:02]} Qe5
{[%clk 0:00:34]} 37. Qf1 {[%clk 0:04:51]} Rc8 {[%clk 0:00:32]} 38. Ne6
{[%clk 0:03:51]} Qxd5 {[%clk 0:00:32]} 39. Rf8+ {[%clk 0:04:06]} Kd7
{[%clk 0:00:58]} 40. Qf7+ {[%clk 0:34:32]} 1-0

[Event "IMP Mezczyzn do lat 20"]
[Site "Chotowa"]
[Date "2023.10.31"]
[Round "9.3"]
[White "Krawczyk, Flawian"]
[Black "Kacprzak, Kacper"]
[Result "1/2-1/2"]
[BlackElo "2250"]
[WhiteElo "2288"]
[LiveChessVersion "1.4.8"]

1. e4 {[%clk 1:30:03]} c5 {[%clk 1:30:50]} 2. Nf3 {[%clk 1:30:22]} d6
{[%clk 1:31:16]} 3. Bb5+ {[%clk 1:30:50]} Nd7 {[%clk 1:31:40]} 4. d4
{[%clk 1:31:17]} cxd4 {[%clk 1:29:07]} 5. Qxd4 {[%clk 1:31:24]} a6
{[%clk 1:26:15]} 6. Bxd7+ {[%clk 1:31:06]} Bxd7 {[%clk 1:26:39]} 7. Nc3
{[%clk 1:31:19]} Nf6 {[%clk 1:22:53]} 8. Bg5 {[%clk 1:30:05]} e6 {[%clk 1:13:52]}
9. e5 {[%clk 1:22:48]} dxe5 {[%clk 1:12:35]} 10. Nxe5 {[%clk 1:22:46]} Be7
{[%clk 1:06:32]} 11. O-O-O {[%clk 1:20:00]} Bc6 {[%clk 1:05:46]} 12. Nxc6
{[%clk 1:20:14]} bxc6 {[%clk 1:06:10]} 13. Bxf6 {[%clk 0:57:54]} Bxf6
{[%clk 0:54:47]} 14. Qc5 {[%clk 0:55:30]} Qc7 {[%clk 0:34:06]} 15. Nd5
{[%clk 0:54:19]} exd5 {[%clk 0:34:28]} 16. Rhe1+ {[%clk 0:50:18]} Kd7
{[%clk 0:34:52]} 17. Rxd5+ {[%clk 0:50:31]} cxd5 {[%clk 0:32:56]} 18. Qxd5+
{[%clk 0:51:00]} Kc8 {[%clk 0:33:20]} 19. Qxa8+ {[%clk 0:51:25]} Qb8
{[%clk 0:33:47]} 20. Qc6+ {[%clk 0:51:49]} Qc7 {[%clk 0:33:47]} 21. Qa8+
{[%clk 0:50:45]} Qb8 {[%clk 0:34:13]} 22. Qxa6+ {[%clk 0:44:34]} Qb7
{[%clk 0:34:33]} 23. Qc4+ {[%clk 0:45:00]} Qc7 {[%clk 0:34:24]} 24. Qa6+
{[%clk 0:39:56]} Qb7 {[%clk 0:34:46]} 25. Qc4+ {[%clk 0:40:10]} Qc7
{[%clk 0:35:12]} 26. Qa6+ {[%clk 0:29:01]} Qb7 {[%clk 0:34:46]} 27. Qxb7+
{[%clk 0:29:01]} 1/2-1/2

[Event "IMP Mezczyzn do lat 20"]
[Site "Chotowa"]
[Date "2023.10.31"]
[Round "9.4"]
[White "Sowinski, Pawel"]
[Black "Kacprzak, Karol"]
[Result "1/2-1/2"]
[BlackElo "2317"]
[WhiteElo "2322"]
[LiveChessVersion "1.4.8"]

1. d4 {[%clk 1:30:58]} Nf6 {[%clk 1:29:48]} 2. c4 {[%clk 1:31:23]} e6
{[%clk 1:30:08]} 3. g3 {[%clk 1:31:51]} d5 {[%clk 1:30:29]} 4. Nf3
{[%clk 1:32:17]} Be7 {[%clk 1:30:51]} 5. Bg2 {[%clk 1:32:44]} O-O
{[%clk 1:31:14]} 6. O-O {[%clk 1:33:10]} c6 {[%clk 1:31:38]} 7. Qc2
{[%clk 1:33:35]} b6 {[%clk 1:32:03]} 8. Rd1 {[%clk 1:33:25]} Bb7 {[%clk 1:31:23]}
9. b3 {[%clk 1:33:49]} Nbd7 {[%clk 1:30:35]} 10. Nc3 {[%clk 1:34:10]} Ba6
{[%clk 1:30:18]} 11. Bb2 {[%clk 1:16:38]} dxc4 {[%clk 1:29:05]} 12. bxc4
{[%clk 1:16:35]} Bxc4 {[%clk 1:18:09]} 13. Nd2 {[%clk 1:16:58]} Ba6
{[%clk 1:18:32]} 14. Bxc6 {[%clk 1:16:48]} Rc8 {[%clk 1:18:47]} 15. Qa4
{[%clk 1:16:43]} Nb8 {[%clk 1:19:01]} 16. Bf3 {[%clk 1:16:41]} Qe8
{[%clk 1:16:59]} 17. Qxe8 {[%clk 1:10:20]} Rfxe8 {[%clk 1:17:22]} 18. Rac1
{[%clk 1:07:35]} Nc6 {[%clk 1:11:43]} 19. Nb3 {[%clk 1:07:12]} Red8
{[%clk 0:59:02]} 20. e3 {[%clk 0:43:38]} Kf8 {[%clk 0:49:28]} 21. a4
{[%clk 0:27:46]} Bb7 {[%clk 0:21:45]} 22. Nb5 {[%clk 0:24:37]} Rd7
{[%clk 0:20:54]} 23. Kg2 g5 {[%clk 0:17:06]} 24. h3 {[%clk 0:13:16]} h5
{[%clk 0:17:17]} 25. Kh2 {[%clk 0:12:56]} Nb4 {[%clk 0:15:26]} 26. Bxb7
{[%clk 0:09:12]} Rxc1 {[%clk 0:15:50]} 27. Rxc1 {[%clk 0:08:18]} Rxb7
{[%clk 0:16:18]} 28. Ba3 {[%clk 0:07:28]} Nd3 {[%clk 0:14:29]} 29. Rc8+
{[%clk 0:07:33]} Kg7 {[%clk 0:14:53]} 30. Bxe7 {[%clk 0:07:01]} Rxe7
{[%clk 0:15:18]} 31. Kg2 {[%clk 0:03:43]} g4 {[%clk 0:12:35]} 32. hxg4
{[%clk 0:02:25]} Nxg4 {[%clk 0:12:15]} 33. d5 {[%clk 0:02:51]} exd5
{[%clk 0:10:20]} 34. N3d4 {[%clk 0:03:21]} Rd7 {[%clk 0:09:04]} 35. f3
{[%clk 0:01:13]} Nxe3+ {[%clk 0:09:22]} 36. Kh3 {[%clk 0:01:41]} Nc4
{[%clk 0:06:22]} 37. Ra8 {[%clk 0:00:51]} a5 {[%clk 0:06:03]} 38. Kh4
{[%clk 0:00:59]} Nc5 {[%clk 0:04:33]} 39. Kxh5 {[%clk 0:01:12]} Ne6
{[%clk 0:01:58]} 40. g4 {[%clk 0:30:52]} Kf6 {[%clk 0:30:37]} 41. Nxe6
{[%clk 0:27:42]} Kxe6 {[%clk 0:30:52]} 42. Re8+ {[%clk 0:27:58]} 1/2-1/2

[Event "IMP Mezczyzn do lat 20"]
[Site "Chotowa"]
[Date "2023.10.31"]
[Round "9.5"]
[White "Redzisz, Michal"]
[Black "Janeczko, Jakub"]
[Result "0-1"]
[BlackElo "2280"]
[WhiteElo "2228"]
[LiveChessVersion "1.4.8"]

1. d4 {[%clk 1:30:58]} Nf6 {[%clk 1:26:04]} 2. c4 {[%clk 1:30:50]} c5
{[%clk 1:26:29]} 3. d5 {[%clk 1:31:17]} b5 {[%clk 1:26:57]} 4. Nf3
{[%clk 1:30:42]} b4 {[%clk 1:27:22]} 5. a3 {[%clk 1:30:24]} g6 {[%clk 1:26:45]}
6. axb4 {[%clk 1:08:18]} cxb4 {[%clk 1:27:11]} 7. b3 {[%clk 1:07:39]} Bg7
{[%clk 1:26:18]} 8. Bb2 {[%clk 1:08:07]} d6 {[%clk 1:22:34]} 9. e4
{[%clk 0:59:35]} O-O {[%clk 1:16:13]} 10. Bd3 {[%clk 0:56:20]} a5
{[%clk 1:09:47]} 11. O-O {[%clk 0:53:36]} Na6 {[%clk 1:06:46]} 12. Re1
{[%clk 0:41:33]} Nc5 {[%clk 0:57:59]} 13. e5 {[%clk 0:29:29]} dxe5
{[%clk 0:47:18]} 14. Nxe5 {[%clk 0:28:46]} e6 {[%clk 0:41:47]} 15. Nc6
{[%clk 0:13:18]} Qd7 {[%clk 0:41:55]} 16. Bc2 {[%clk 0:08:34]} exd5
{[%clk 0:32:17]} 17. Ne7+ {[%clk 0:08:27]} Kh8 {[%clk 0:31:37]} 18. Nxd5
{[%clk 0:04:25]} Nxd5 19. Bxg7+ {[%clk 0:04:54]} Kxg7 {[%clk 0:32:30]} 20. cxd5
{[%clk 0:04:47]} Bb7 {[%clk 0:24:10]} 21. Qd4+ {[%clk 0:05:15]} Kg8
{[%clk 0:24:38]} 22. Qxc5 {[%clk 0:02:52]} Rfc8 {[%clk 0:25:07]} 23. Qe7
{[%clk 0:02:06]} Re8 {[%clk 0:24:06]} 24. Qxe8+ {[%clk 0:00:49]} Rxe8
{[%clk 0:24:22]} 25. Nd2 {[%clk 0:01:08]} Rxe1+ {[%clk 0:24:22]} 26. Rxe1
{[%clk 0:01:36]} Qxd5 {[%clk 0:24:33]} 27. Nf3 {[%clk 0:00:59]} Qc5
{[%clk 0:24:29]} 28. Bd3 {[%clk 0:00:42]} Bxf3 {[%clk 0:22:52]} 29. gxf3
{[%clk 0:01:10]} Qc3 {[%clk 0:23:16]} 30. Re8+ {[%clk 0:01:27]} Kg7
{[%clk 0:23:45]} 31. Bc4 {[%clk 0:01:54]} a4 {[%clk 0:24:11]} 32. Re7
{[%clk 0:02:14]} Qc1+ {[%clk 0:24:28]} 0-1